01534nam a2200349 a 4500001001000000003000500010005001700015008004100032010001100073011001100084040000900095090001000104100003900114245016200153260004100315500006000356502010800416590004100524590004000565590004000605590004000645650003700685650004300722650003100765856007000796901000700866942001000873942000600883999001900889952014000908952013601048000111202CHAP20220329144202.0150119s2014 mx sm |||||||spa d a107664 a108636 cCHAP aTesis1 aSolís García, Angelica912902110aEvaluación de herbicidas preemergentes en el cultivo de maíz blanco (Zea mays L.) en Pungarabato, Guerrero.h[En línea]cpor Angelica Solís García. aChapingo, Méx. :bEl autor,c2014. aPara ver el contenido del material haga clic en la liga aTesis (Ing. Agr. Esp. en Parasitología Agrícola) -- UACH. Departamento deParasitología Agrícola aE11695DGDb10c20150120lUCH01h1107 aE5765TAJb05c20150119lUCH01h0936 aE5765TAJb05c20150119lUCH01h0937 aE5765TAJb05c20150119lUCH01h093814aHerbicidasxAplicación.95369214aMaízxMalas hierbasxControl.97100314aMaízxVariedades.971081 aFinding aiduhttp://10.13.5.2/tesis/sist111202.pdfzTeclea aquí aBK cTESIS n0 c107664d107664 00102local4053708TESISaBCbBCcPA_TESISd2015-01-19fTESISl0oTesisp33724002441611r2019-12-31 00:00:00tc.2w2019-12-31yTESIS 00104054718TESISaBCbBCd2015-01-19fTESISl0oTesisp33724002441652r2019-12-31 00:00:00w2019-12-31yTESISzRecien adquirido